000 00926nmc a2200337 a 4500
003 AR-BaBNM
005 20251128205954.0
008 018119s1997 ||||||||||||||000 | spa||
020 _a950-765-057-1
040 _cAR-BaBNM
100 1 _aBrecher, Erwin
245 1 0 _aFĂ­sica divertida
260 _aBuenos Aires
_bJuegos
_c1997
300 0 _a95 p.
_bil.
490 0 _aGente de mente
_vv. 3
500 0 _aContiene soluciones en p. 59
650 4 _aJUEGO
650 4 _aJUEGOS EDUCATIVOS
650 4 _aFISICA
650 4 _aJUEGO [METODO DE ENSENANZA]
650 4 _aMETODOS ACTIVOS
650 4 _aACTIVIDADES DE APRENDIZAJE
650 4 _aPRUEBAS DE INTELIGENCIA
700 1 _aRosenberg, Mirta
_etraductor
700 1 _aUribe, Diego
_eeditor
700 1 _aGandolfo, Elvio E.
_etraductor
800 1 _aPoniachik, Jaime
_edirector
800 1 _aSamoilovich, Daniel
_edirector
942 _cBK
998 _cMARTIN
999 _c13548
_d13548